Can you identify who said this on Lost? Quiz Stats

Quiz not verified by Sporcle

Also try: Finish the TV Show
Challenge
Share
Tweet
Embed
Score 0/31 Timer 05:00
0 Plays Today
Quote Charater % Correct
No, my dad taught me how to drinkJack
83.8%
Well yeah, here's my favorite leaf! How could I forget this placeSawyer
72.1%
We have 2 giant hamsters running on a massive wheel at our secret underground lairBen
69.1%
Doctors make the worst patientsJuliet
67.6%
If you say 'live together,die alone' to me, Jack, I'll smack you across the faceRose
66.2%
I'm not allowed to have chocolate before dinnerCharlotte
66.2%
I do this for all the girls I meet on deserted islandsSayid
63.2%
Have a cluckity-cluck-cluck day, HugoJin
55.9%
So we saved the world together for a while, and that was lovelyDesmond
54.4%
Should I go and get a rulerKate
51.5%
We can't even get fireFrogurt
51.5%
Sure I'm affected. She was hot and I dug her accentMiles
50%
If you pick the lock on a Halliburton, I'll put you on my back and fly us to L.A.Michael
50%
No I like dogsLocke
48.5%
I think I just realized that I want to liveRichard
44.1%
Everything smells of BaconCharlie
42.6%
Quote Charater % Correct
I think I liked you better when you just hit people with your stickBernard
42.6%
It's kinda like, it doesn't scatter...quite rightDaniel
42.6%
This conversation already happened, we just don't remember itMiles
38.2%
You don't wait with warnings. You...warnHurley
32.4%
That's a lot of peanut butterLibby
32.4%
Because then we'd have to dig another graveSun
30.9%
When's your birthdayWalt
30.9%
I know. How modern of meClaire
30.9%
Well, maybe we're just not cool with you setting up your own little Patriot ActBoone
27.9%
You finally learned how to tie your own shoesShannon
25%
How did they open it - the door that says quarantineMr. Eko
23.5%
Should I keep the meter runningAna Lucia
22.1%
As long as the dead guy says there's a good reason, I guess everything's just peachyFrank
17.6%
Are you on the same island as I amDanielle
14.7%
2.9%

You're not logged in!

Compare scores with friends on all Sporcle quizzes.
Sign Up with Email
OR
Log In

You Might Also Like...

Show Comments

Extras

Top Quizzes Today


Score Distribution

Your Account Isn't Verified!

In order to create a playlist on Sporcle, you need to verify the email address you used during registration. Go to your Sporcle Settings to finish the process.